000 00826nam a2200205 a 4500
001 BRCA_2147
005 20190320203704.0
008 130808s1992----mx-#---###---#000-0#spa-#
050 4 _aF1391.P8
_b.L43 93
_c1992
100 1 _aHuerta Jaramillo, Ana María Dolores
_96399
245 1 0 _aPolíticas educativas en Puebla 1877-1910
_bla escuela elemental
_cAna María Dolores Huerta Jaramillo.
260 _aPuebla, México
_bGobierno del Estado de Puebla : Secretaría de Cultura : Comisión Puebla V Centenario
_c1992
300 _a21 p.
_c21 cm.
440 0 _aLecturas Históricas de Puebla
_n93
_96479
651 4 _aPuebla (México)
_xHistoria
_9409
651 4 _aPuebla (México)
_xVida social y costumbres
_9408
651 4 _aPuebla (México)
_xPolíticas educativas
_y1877-1910
_96480
653 0 _aVida cotidiana
942 _2lcc
_cB
999 _c1904
_d1904